000 00215nam a22001097a 4500
040 _cSY
082 _a633
100 _aNA
245 _aDrying and storage of grains and oilseeds
260 _aNA
_bNA
_cNA
942 _cEK
999 _c8810
_d8810